Statistics for 15 Largest Lakes In Africa

Click here to take the quiz!

General Stats

  • This quiz has been taken 19 times
  • The average score is 6 of 15

Answer Stats

Surface Area (Square Miles)Lake% Correct
26,564Lake Victoria
100%
12,703Lake Tanganyika
93%
11,429Lake Malawi
87%
2,046Lake Albert
67%
1,042Lake Kivu
60%
898Lake Edward
53%
2,473Lake Turkana
53%
1,977Lake Mweru
40%
2,224Lake Rukwa
40%
1,058Cahora Bassa
0%
890Lac Mai-Nacombe
0%
5,830Lake Bangweulu
0%
2,085Lake Kariba
0%
2,027Lake Nasser
0%
3,283Lake Volta
0%

Score Distribution

Percentile by Number Answered

Percent of People with Each Score

Your Score History

You have not taken this quiz